000 00270nam a2200097Ia 4500
001 659834
005 20250826160102.0
008 250824s9999 xx 000 0 und d
245 0 _aAdli Araştırmalar Gerçek mi Kurgu mu?
_cLeela Burnscott
260 _bTÜBİTAK YAYINLARI
999 _c659834
_d659834